Nursing ethics / (Record no. 2843)

MARC details
000 -LEADER
fixed length control field 00827nam a2200301 4500
001 - CONTROL NUMBER
control field 547198
005 - DATE AND TIME OF LATEST TRANSACTION
control field 20150317143255.0
007 - PHYSICAL DESCRIPTION FIXED FIELD--GENERAL INFORMATION
fixed length control field 000
008 - FIXED-LENGTH DATA ELEMENTS--GENERAL INFORMATION
fixed length control field 000
010 ## - LIBRARY OF CONGRESS CONTROL NUMBER
LC control number 88006138
020 ## - INTERNATIONAL STANDARD BOOK NUMBER
International Standard Book Number 0443034583
040 ## - CATALOGING SOURCE
Original cataloging agency UOEL
Transcribing agency DLC
Modifying agency DLC
050 10 - LIBRARY OF CONGRESS CALL NUMBER
Classification number RT85
Item number .T5 1988
060 ## - NATIONAL LIBRARY OF MEDICINE CALL NUMBER
Classification number WY 85 T472n
082 00 - DEWEY DECIMAL CLASSIFICATION NUMBER
Classification number 174/.2
Edition number 19
100 1# - MAIN ENTRY--PERSONAL NAME
Personal name Thompson, Ian E.
245 10 - TITLE STATEMENT
Title Nursing ethics /
Statement of responsibility, etc Ian E. Thompson, Kath M. Melia, Kenneth M. Boyd.
250 ## - EDITION STATEMENT
Edition statement 2nd ed.
260 ## - PUBLICATION, DISTRIBUTION, ETC. (IMPRINT)
Place of publication, distribution, etc Edinburgh ;
-- New York :
Name of publisher, distributor, etc Churchill Livingstone,
Date of publication, distribution, etc c1988
300 ## - PHYSICAL DESCRIPTION
Extent xii, 269 p. ;
Dimensions 22 cm.
504 ## - BIBLIOGRAPHY, ETC. NOTE
Bibliography, etc Includes bibliographies and indexes.
650 #0 - SUBJECT ADDED ENTRY--TOPICAL TERM
Topical term or geographic name as entry element Nursing ethics.
General subdivision Nursing
Topical term or geographic name as entry element Ethics, Nursing.
700 1# - ADDED ENTRY--PERSONAL NAME
Personal name Melia, Kath M.
Personal name Boyd, Kenneth M.
906 ## - LOCAL DATA ELEMENT F, LDF (RLIN)
a 7
b cbc
c orignew
d 1
e ocip
f 19
g y-gencatlg
942 ## - ADDED ENTRY ELEMENTS (KOHA)
Source of classification or shelving scheme Library of Congress Classification
Item type Loan - Normal on open shelf
Holdings
Withdrawn status Lost status Source of classification or shelving scheme Damaged status Not for loan Home library Current library Shelving location Date acquired Total Checkouts Full call number Barcode Date last seen Copy number Price effective from Koha item type
    Library of Congress Classification     UOE Main Library UOE Main Library Open shelf 13/03/2015   RT85 .T5 1988 20150952 27/04/2026 20150952 13/03/2015 Loan - Normal on open shelf